El aprendizaje de la lengua escrita en la escuela: reflexiones sobre la propuesta pedagógica constructivista

שמור ב:
מידע ביבליוגרפי
מחבר ראשי: Lerner de Zunino, Delia (Author)
מחברים אחרים: Palacios de Pizani, Alicia (autora)
פורמט: ספר
שפה:ספרדית
יצא לאור: Buenos Aires Aique 1992
נושאים:
תגים: הוספת תג
אין תגיות, היה/י הראשונ/ה לתייג את הרשומה!

MARC

LEADER 00000nam a2200000 a 4500
001 UCL1965
003 CL-VaPUC
008 030926e19920000AG |||||||||||||||||spa|d
020 |a 9507010947 
082 0 4 |a 372.6  |b LER  |2 21 
100 |a Lerner de Zunino, Delia  |e author  |9 478988 
700 |a Palacios de Pizani, Alicia  |e autora  |9 478986 
245 1 3 |a El aprendizaje de la lengua escrita en la escuela: reflexiones sobre la propuesta pedagógica constructivista 
300 |a 128 p 
942 |c BK 
945 |d 20030926 00:00:00  |a cmena 
260 |a Buenos Aires  |b Aique  |c 1992 
650 0 |a Alfabetización   |9 310435 
650 0 |a Enseñanza de idiomas  |9 339820 
650 0 |a Educación lingüística  |9 306506 
650 7 |a LENGUA ESCRITA  |2 CL-VaPUC  |9 421331 
650 0 |a Educación básica   |9 224933 
650 0 |a Política educacional  |9 308011 
583 |a last modification  |c 20170726 05:14:37  |k Rodrigo Vera 
999 |c 305396  |d 305394 
952 |0 0  |1 0  |4 0  |6 372_600000000000000_LER_1992  |7 0  |8 A  |9 369253  |a BIBEDU  |b BIBEDU  |c ES_NOD  |d 2019-11-21  |i 3941760  |o 372.6 LER 1992  |p 3941760  |r 2023-08-09  |w 2019-11-21  |y BK  |k EPE